01014cam a22002531 45000010005000000030008000050050017000130080039000300350018000690400031000870410008001180820021001261000034001472450194001812500013003752600043003883000036004315040037004676500038005046500044005429420012005869990015005989520147006137736BD-RjUL20211208234451.0140115s1958 nyua b 001 0 eng a(BD-RjUL)7780 aDLCcDLCdDLCdBD-RjUbeng aeng00a509.22bJAM 19581 aJaffe, Bernard,d1896-92412410aMen of science in America :bthe story of American science told through the lives and achievements of twenty outstanding men from earliest colonial times to the present day /cBernard Jaffe aRev. ed. aNew York :bSimon and Schuster,c1958. axli, 715 p. :billus. ;c21 cm. aIncludes bibliography and index. 0aScientistszUnited States.924125 0aSciencezUnited StatesxHistory.922291 2ddccBK c7736d7736 00102ddc40718NFICaRUCLbRUCLcreadingd1968-07-31eMirza book agencyg34.75l0o509.22 JAM 1958r2014-01-15 00:00:00tC-1w2014-01-15yBK